00705nam a2200181Ia 4500001001000000003000500010008004100015010001100056040000900067100003700076245018100113260003500294300001000329502008700339650001600426650002800442710005300470Para_1317CHAP220125s1998 xx 000 0 und d a200025 cCHAP aSánchez Rodríguez, Heriberto aRespuesta de la germinación y desarrollo inicial de cuatro cultivos a extractos acuosos de Lopezia racemosa Cav. y Hordeum vulgare L. /c por Heriberto Sánchez Rodríguez aChapingo, Méx. :b El autor a44 h. aTesis (Ing. Agr. Esp. en Parasitología Agrícola), UACh. Depto. Parasitología aAlelopatia  aPlantas x competencia aUACh. Departamento de Parasitología Agrícola